Statistics for Skytrax 5 star airlines

Click here to take the quiz!

General Stats

  • This quiz has been taken 877 times
    (615 since last reset)
  • The average score is 6 of 10

Answer Stats

5 star airlines% Correct
Singapore Airlines
87%
Qatar Airways
85%
ANA All Nippon Airways
69%
Lufthansa
67%
Japan Airlines
62%
Cathay Pacific Airways
50%
Asiana Airlines
44%
EVA Air
41%
Garuda Indonesia
41%
Hainan Airlines
30%

Score Distribution

Percentile by Number Answered

Percent of People with Each Score

Your Score History

You have not taken this quiz since the last reset